Institute of Assessors and Internal Verifers (Record no. 120293)

MARC details
000 -LEADER
fixed length control field 00845cam a2200205 4500
001 - CONTROL NUMBER
control field WS122796
008 - FIXED-LENGTH DATA ELEMENTS--GENERAL INFORMATION
fixed length control field 030627n 000 0 eng u
035 ## - SYSTEM CONTROL NUMBER
System control number (Sirsi) u122796
110 ## - MAIN ENTRY--CORPORATE NAME
Corporate name or jurisdiction name as entry element Institute of Assessors and Internal Verifers
9 (RLIN) 6007
245 ## - TITLE STATEMENT
Title Institute of Assessors and Internal Verifers
Medium [electronic resource]
520 ## - SUMMARY, ETC.
Summary, etc. Web site for this organisation which represents individuals and organisations involved in the assessment and verification of NVQs and SVQs. Includes details of the services they offer. Formerly Institute of Verifers and Assessors
650 ## - SUBJECT ADDED ENTRY--TOPICAL TERM
Topical term or geographic name entry element ORGANISATION
650 ## - SUBJECT ADDED ENTRY--TOPICAL TERM
Topical term or geographic name entry element NVQS
650 ## - SUBJECT ADDED ENTRY--TOPICAL TERM
Topical term or geographic name entry element SVQS
650 ## - SUBJECT ADDED ENTRY--TOPICAL TERM
Topical term or geographic name entry element ASSESSORS
650 ## - SUBJECT ADDED ENTRY--TOPICAL TERM
Topical term or geographic name entry element QUALIFICATIONS
690 ## - LOCAL SUBJECT ADDED ENTRY--TOPICAL TERM (OCLC, RLIN)
Topical term or geographic name as entry element CAREERS, EDUCATION AND TRAINING
856 40 - ELECTRONIC LOCATION AND ACCESS
Uniform Resource Identifier <a href="https://www.iavltd.co.uk/">https://www.iavltd.co.uk/</a>
Public note View the website free of charge at www.iavltd.co.uk
942 ## - ADDED ENTRY ELEMENTS (KOHA)
Suppress in OPAC 0
Holdings
Withdrawn status Lost status Source of classification or shelving scheme Damaged status Not for loan Home library Current library Shelving location Date acquired Total Checkouts Full call number Barcode Date last seen Copy number Price effective from Koha item type
    Dewey Decimal Classification     Virtual Virtual Online 27/06/2003   WEB SITE 122796-1001 06/08/2019 1 06/08/2019 Online material